[Event "Montreal Mercredi 04"]
[Site "Montreal"]
[Date "2012.04.11"]
[Round "2"]
[White "Rainton, Jean Pierre"]
[Black "Baran, Marius"]
[Result "1/2-1/2"]
[WhiteElo "1714"]
[BlackElo "1778"]
[PlyCount "57"]
[EventDate "2012.04.13"]
[EventType "swiss"]
[EventRounds "5"]
[EventCountry "CAN"]
[SourceTitle "EXT 2022"]
[Source "ChessBase"]
[SourceDate "2021.10.06"]
[SourceVersion "1"]
[SourceVersionDate "2021.10.06"]
[SourceQuality "1"]

1. e4 c5 2. Nc3 Nc6 3. g3 Nf6 4. Bg2 g6 5. Nge2 Bg7 6. 0-0 0-0 7. d3 d6 8. f4 Bg4 9. h3 Bxe2 10. Nxe2 Qb6 11. Kh1 Nd4 12. c3 Nc6 13. Rb1 e6 14. Be3 Qc7 15. g4 Rad8 16. Qc1 Nd7 17. Ng3 Ne7 18. f5 d5 19. Bf4 Be5 20. Bh6 Bg7 21. Bxg7 Kxg7 22. f6+ Nxf6 23. Qg5 Neg8 24. e5 Nd7 25. Rbe1 Kh8 26. c4 dxc4 27. dxc4 h6 28. Qe3 Kg7 29. Qe4 1/2-1/2

[Event "Varennes Myriam Roy op"]
[Site "Varennes"]
[Date "2005.12.03"]
[Round "2"]
[White "Rainton, Jean Pierre"]
[Black "Forget, David"]
[Result "1-0"]
[WhiteElo "1678"]
[BlackElo "2004"]
[PlyCount "75"]
[EventDate "2005.12.02"]
[EventType "swiss"]
[EventRounds "5"]
[EventCountry "CAN"]
[SourceTitle "EXT 2009"]
[Source "ChessBase"]
[SourceDate "2008.11.26"]
[SourceVersion "1"]
[SourceVersionDate "2008.11.26"]
[SourceQuality "1"]

1. e4 e6 2. d4 d5 3. Nc3 Bb4 4. e5 c5 5. a3 Bxc3+ 6. bxc3 Ne7 7. Nf3 Nbc6 8. a4 Qa5 9. Qd2 Bd7 10. Be2 Nf5 11. g4 Nfe7 12. 0-0 h5 13. h3 hxg4 14. hxg4 0-0-0 15. Kg2 f6 16. Qe3 f5 17. g5 Ng6 18. Bd2 c4 19. Bc1 Nce7 20. Ba3 Bxa4 21. Bb4 Qa6 22. Qc1 Rh7 23. Qa3 Nf4+ 24. Kg3 Nxe2+ 25. Kg2 Ng6 26. Ng1 Nh4+ 27. Kh2 Nf3+ 28. Kg2 Nh4+ 29. Kh2 Nxg1 30. Kxg1 Nf3+ 31. Kg2 Nxg5 32. Be7 Rd7 33. Bxg5 Bxc2 34. Qc5+ Qc6 35. Qxa7 Be4+ 36. f3 Bd3 37. Rh1 Rxh1 38. Rxh1 1-0

[Event "Montreal op 11"]
[Site "Montreal"]
[Date "2004.11.13"]
[Round "3"]
[White "Morin, Daniel"]
[Black "Rainton, Jean Pierre"]
[Result "1-0"]
[WhiteElo "1471"]
[BlackElo "1543"]
[PlyCount "56"]
[EventDate "2004.11.12"]
[EventType "swiss"]
[EventRounds "5"]
[EventCountry "CAN"]
[SourceTitle "EXT 2009"]
[Source "ChessBase"]
[SourceDate "2008.11.26"]
[SourceVersion "1"]
[SourceVersionDate "2008.11.26"]
[SourceQuality "1"]

1. e4 e5 2. Nf3 Nc6 3. Bb5 a6 4. Ba4 Nf6 5. 0-0 b5 6. Bb3 Nxe4 7. Re1 d5 8. d4 Be7 9. Nxe5 Nxe5 10. dxe5 Be6 11. c3 c5 12. Bc2 0-0 13. Be3 c4 14. Nd2 Nc5 15. Nf3 a5 16. Nd4 Qd7 17. f4 Bg4 18. Qb1 g6 19. f5 Nd3 20. Bxd3 cxd3 21. Bh6 Rfe8 22. Qxd3 Bc5 23. Kh1 Bxd4 24. Qxd4 Qxf5 25. e6 f6 26. e7 g5 27. Rf1 Qe5 28. Qxe5 Rxe7 1-0

[Event "Montreal op 04"]
[Site "Montreal"]
[Date "2002.04.27"]
[Round "2"]
[White "Bouchard, Jean Marc"]
[Black "Rainton, Jean Pierre"]
[Result "1-0"]
[WhiteElo "2029"]
[BlackElo "1316"]
[PlyCount "79"]
[EventDate "2002.04.26"]
[EventType "swiss"]
[EventRounds "5"]
[EventCountry "CAN"]
[SourceTitle "EXT 2009"]
[Source "ChessBase"]
[SourceDate "2008.11.26"]
[SourceVersion "1"]
[SourceVersionDate "2008.11.26"]
[SourceQuality "1"]

1. b3 e5 2. Bb2 d6 3. e3 Nc6 4. Ne2 g6 5. d4 Bg7 6. Nd2 Nge7 7. dxe5 dxe5 8. Nc4 Qxd1+ 9. Rxd1 0-0 10. Nc3 a6 11. a4 f5 12. Be2 Be6 13. Ba3 Rfd8 14. 0-0 Nd5 15. Nxd5 Rxd5 16. Rxd5 Bxd5 17. Rd1 Rd8 18. Nd6 cxd6 19. Rxd5 Bf8 20. c4 Kf7 21. f3 Kg8 22. e4 f4 23. Bd1 g5 24. Rd2 Kg7 25. Bb2 Kg8 26. Bc3 a5 27. Rd5 Kg7 28. Bxa5 Nxa5 29. Rxa5 Rd7 30. Rd5 Kg8 31. a5 Rc7 32. Kf1 Rc5 33. Ke2 Kf7 34. Kd3 Ke7 35. b4 Rxd5+ 36. exd5 Kd7 37. Ba4+ Kc7 38. Ke4 h6 39. Kf5 Kd8 40. Ke6 1-0